000 00666nam a22002177a 4500
003 UA-OsUOA
001 93636
007 ta
008 20130124b un ||||| |||| 00| 0 ukr d
100 _aМізін К.І.
090 _a81
_bМ71
942 _cSA
040 _aUA-OsUOA
_bukr
_cUA-OsUOA
_dUA-OsUOA
245 _aНові напрями в українському мовознавстві: зіставна лінгвокультурологія
300 _aС.38-53
955 _a0
041 _aukr
080 _a81
773 0 _w93634
650 7 _a8 Мовознавство. Художня література. Літературознавство
_2UDC
999 _c379873
_d379873